| 000 | 01325nam0a22003131 4500 | ||
|---|---|---|---|
| 001 | v19\rc\1411349 | ||
| 005 | 20250618104338.0 | ||
| 035 | _a(NLR Aleph) 004539867 | ||
| 090 |
_a1990593 _c1990593 |
||
| 100 | _a20060512d1879 |||y0rusy50 ca | ||
| 101 | 0 | _arus | |
| 102 | _aRU | ||
| 105 | _ay g ||||| | ||
| 200 | 1 |
_aСправочная книжка русского правописания _fПрименительно к говору Юго-зап. края, по тр. Павского, Буслаева и Грота, сост. Георгий Бахталовский |
|
| 210 |
_aКаменец Подольск _cтип. насл. Д. Крайза _d1879 |
||
| 215 |
_aVI, 61, V с. _d16 |
||
| 320 | _aБиблиогр.: "Источники и пособия" (с. V) | ||
| 700 | 1 |
_aБахталовский _bГ.П. _gГеоргий Петрович _4220 |
|
| 702 | 1 |
_aПавский _bГ.П. _f1787-1863 _gГерасим Петрович _4100 |
|
| 702 | 1 |
_aБуслаев _bФ.И. _f1818-1897 _gФедор Иванович _4100 |
|
| 702 | 1 |
_aГрот _bЯ.К. _f1812-1893 _gЯков Карлович _4100 |
|
| 801 | 0 |
_aRU _bNLR _gpsbo |
|
| 801 | 0 |
_aRU _bRuMoRGB _2psbo |
|
| 801 | 1 |
_aRU _bProSoft-M _2rusmarc |
|
| 852 |
_aNLR _j18.133.4.137 |
||
| 899 |
_aRuMoRGB _jE 92/263 |
||
| 899 | _aБАН | ||
| 942 | _cBOOK | ||
| 980 | _aNB | ||